000 01448nam a2200337 a 4500
001 000113822
003 CHAP
005 20220329144414.0
008 170928s2017 mx a fsm |||||||spa d
010 _a110283
011 _a111255
040 _cCHAP
090 _aTesis
100 1 _aMendoza Ramos, Coral
_9133516
245 1 0 _aEstimación de periodos asociados a la patogénesis, producción, dispersión, de inóculo e implicaciones epidemiológicas de la roya de cafeto (Hemileia vastatrix) en cafetales bajo sombra en el bosque, Chiapas /
_h[En línea]
_cpor Coral Mendoza Ramos y Laura Rosney Jiménez González.
260 _aChapingo, Méx. :
_bEl autor,
_c2017.
500 _aPara ver el contenido del material haga clic en la liga
502 _aTesis (Ing. Agr. Esp. en Parasitología Agrícola) -- UACH. Departamento de Parasotología Agrícola
590 _aE8697GMM
_b05
_c20170928
_lUCH01
_h0935
590 _aE8697GMM
_b05
_c20170928
_lUCH01
_h1006
590 _aE8697GMM
_b05
_c20170928
_lUCH01
_h1129
650 1 4 _aCafé
_xEnfermedades por hongos.
_917139
650 1 4 _aCafé
_xVariedades resistentes a plagas.
_917210
650 1 4 _aHemileia vastatrix
_xFisiología y morfología.
_9133518
650 1 4 _aRoya del café
_xControl.
_9132678
700 1 _aJiménez González, Laura Rosney
_9133517
856 _aFinding aid
_uhttp://10.13.5.2/tesis/sist113822.pdf
_zTeclea aquí
901 _aBK
942 _cTESIS
942 _n0
999 _c110283
_d110283